Τα σώματα κειμένων και η εφαρμογή τους στην ελληνική γλώσσα : πτυχιακή εργασία

Αποθηκεύτηκε σε:
Λεπτομέρειες βιβλιογραφικής εγγραφής
Κύριος συγγραφέας: Μακαριάδης, Ευθύμιος
Συγγραφή απο Οργανισμό/Αρχή: Πανεπιστήμιο Αιγαίου. Σχολή Ανθρωπιστικών Σπουδών. Τμήμα Μεσογειακών Σπουδών
Άλλοι συγγραφείς: Φραντζή, Αικατερίνη (dgsf)
Μορφή: Thesis Βιβλίο
Γλώσσα:Greek
Δημοσίευση: Ρόδος : Πανεπιστήμιο Αιγαίου, Τμήμα Μεσογειακών Σπουδών, 2003.
Θέματα:
Ετικέτες: Προσθήκη ετικέτας
Δεν υπάρχουν, Καταχωρήστε ετικέτα πρώτοι!

MARC

LEADER 00000cam a2200000 i 4500
001 1/55354
008 040519s2003 gre d
035 |l 10073415 
040 |a GR-MY-UA  |b gre  |e aacr 
041 0 |a gre 
082 7 |a 410   |2 (21) 
100 1 |a Μακαριάδης, Ευθύμιος. 
245 1 3 |a Τα σώματα κειμένων και η εφαρμογή τους στην ελληνική γλώσσα :   |b πτυχιακή εργασία /   |c Ευθύμιος Μακαριάδης ; επιβλέπουσα: Κατερίνα Φραντζή.  
260 |a Ρόδος :   |b Πανεπιστήμιο Αιγαίου, Τμήμα Μεσογειακών Σπουδών,   |c 2003.  
300 |a 80 σ. 
502 |a Πτυχιακή εργασία – Πανεπιστήμιο Αιγαίου, Ρόδος, 2003. 
504 |a Περιέχει βιβλιογραφία.  
610 2 0 |a University of the Aegean  |x Dissertations. 
650 0 0 |a Linguistics. 
650 0 0 |a Dissertations, Academic  |z Greece. 
700 0 |a Φραντζή, Αικατερίνη,  |e dgsf 
710 2 |a Πανεπιστήμιο Αιγαίου.   |b Σχολή Ανθρωπιστικών Σπουδών.   |b Τμήμα Μεσογειακών Σπουδών. 
852 |a INST  |b RHODES  |c DIATR  |e 20040519  |h 410 ΜΑΚ  |p 005400019070  |q 005400019070  |t DIE  |y 23 
901 |a BIBL4-2004-2 
909 |a Ρ  |b 109444 
924 |a ΜΑΚΑΡΙΑΔΗΣ  |b ΕΥΘΥΜΙΟΣ  |y Ρόδος  |z 2003-09 
970 |a ΚΟΥΛΑΚΙΟΤΗ  |b ΛΙΤΣΑ  |z 2004/05/19